000 01150cas a2200277 a 4500
999 _c17205
_d17205
005 20180426063436.0
008 751101c19689999nyu x m 0 a0eng
022 _a0071-5794
040 _aDLC
_cMUL
_dNSD
_dDLC
_dNSD
_dDLC
_dAIP
_dDLC
_dOCL
_dNSD
_dNST
_dAGL
_dNST
_dIUL
_dAGL
_dOCLCQ
_dWAU
_dNLGGC
_dEYM
_dHUL
_dOCLCQ
_dHEBIS
_dGBVCP
_dOCLCQ
_dDLC
_dOCLCF
_dCLU
_dCO-BoIAVH
041 0 _aeng
044 _ako
090 _aSE
245 0 0 _aFlora neotropica
246 1 _aFlora neotropica monograph
260 _aNueva York (EE.UU) :
_bPublished for Organization for Flora Neotropica by the New York Botanical Garden,
_c1968-.
300 _bilustraciones ;
_c26 cm.
310 _az
321 _au
504 _aIncluye referencias bibliográficas.
650 2 6 _aPlantas
_zAmérica Latina
_vClasificación.
_vPublicaciones periódicas
650 2 6 _aPlantas
_xZona trópical
_vClasificación
_vPublicaciones periódicas
710 2 _aOrganization for Flora Neotropica
710 2 _aThe New York Botanical Garden
776 0 8 _iOnline version:
_tFlora neotropica
_x2330-202X
_w(DLC) 2008235307
_w(OCoLC)248594182
942 _2z
_cREVISTA
_s1